Principles of Geotechnical Engineering / (Record no. 17295)
[ view plain ]
| 000 -LEADER | |
|---|---|
| fixed length control field | 00798cam a2200265 a 4500 |
| 001 - CONTROL NUMBER | |
| control field | 1509034 |
| 005 - DATE AND TIME OF LATEST TRANSACTION | |
| control field | 20130214143612.0 |
| 008 - FIXED-LENGTH DATA ELEMENTS--GENERAL INFORMATION | |
| fixed length control field | 891026s2010 maua b 001 0 eng |
| 010 ## - LIBRARY OF CONGRESS CONTROL NUMBER | |
| LC control number | 89026464 |
| 020 ## - INTERNATIONAL STANDARD BOOK NUMBER | |
| International Standard Book Number | 0534921302 |
| 020 ## - INTERNATIONAL STANDARD BOOK NUMBER | |
| International Standard Book Number | 9780495411321 |
| 050 00 - LIBRARY OF CONGRESS CALL NUMBER | |
| Classification number | TA710 |
| Item number | .D264 1990 |
| 082 00 - DEWEY DECIMAL CLASSIFICATION NUMBER | |
| Classification number | 624.15136 |
| Edition number | 22 |
| Item number | DAS |
| 100 1# - MAIN ENTRY--PERSONAL NAME | |
| Personal name | Das, Braja M., |
| Dates associated with a name | 1941- |
| 9 (RLIN) | 32610 |
| 245 10 - TITLE STATEMENT | |
| Title | Principles of Geotechnical Engineering / |
| Statement of responsibility, etc | Braja M. Das. |
| 250 ## - EDITION STATEMENT | |
| Edition statement | 7th ed. |
| 260 ## - PUBLICATION, DISTRIBUTION, ETC. (IMPRINT) | |
| Place of publication, distribution, etc | Boston : |
| Name of publisher, distributor, etc | PWS-Kent Pub. Co., |
| Date of publication, distribution, etc | c2010. |
| 300 ## - PHYSICAL DESCRIPTION | |
| Extent | xiv, 666 p. : |
| Other physical details | ill. ; |
| Dimensions | 24 cm. |
| 440 #0 - | |
| -- | PWS-Kent series in engineering |
| -- | 32611 |
| 504 ## - BIBLIOGRAPHY, ETC. NOTE | |
| Bibliography, etc | Includes bibliographical references. |
| 650 #0 - SUBJECT ADDED ENTRY--TOPICAL TERM | |
| Topical term or geographic name as entry element | Soil mechanics. |
| 9 (RLIN) | 32612 |
| 650 #0 - SUBJECT ADDED ENTRY--TOPICAL TERM | |
| Topical term or geographic name as entry element | Engineering geology. |
| 9 (RLIN) | 32613 |
| 653 ## - INDEX TERM--UNCONTROLLED | |
| Resource For college | |
| Arrived date list | February2013 |
| 942 ## - ADDED ENTRY ELEMENTS (KOHA) | |
| Source of classification or shelving scheme | Dewey Decimal Classification |
| Item type | Book - Borrowing |
| Withdrawn status | Item status | Source of classification or shelving scheme | Damaged status | Not for loan | Vendor | Home library | Current library | Shelving location | Date acquired | Source of acquisition | Total Checkouts | Total Renewals | Full call number | Barcode | Date last seen | Date last borrowed | Koha item type |
|---|---|---|---|---|---|---|---|---|---|---|---|---|---|---|---|---|---|
| Dewey Decimal Classification | Baccah | Central Library | Central Library | First floor | 14/02/2013 | 2 | 7 | 624.15136 DAS | 000028253 | 15/07/2025 | 14/01/2016 | Book - Borrowing |